| 000 | 00688nam a2200217 a 4500 | ||
|---|---|---|---|
| 005 | 20260322212044.0 | ||
| 008 | data | ||
| 010 | _a91-07432 | ||
| 096 | _aWL 390 M9355 1992 | ||
| 245 | 1 | 0 |
_aMovement disorders in neurology and neuropsychiatry/ _cAnthony B. Joseph & Robert R. Young. |
| 260 |
_aBoston, MA _bBlackwell Scientific Publications _cc1992 |
||
| 300 | _a762 p. | ||
| 500 | _aIncludes bibliographical references and index. | ||
| 650 | 0 | 2 |
_aBrain Diseases _xcomplications |
| 650 | 0 | 2 | _aDyskinesia, Drug-Induced |
| 650 | 0 | 2 |
_aMovement Disorders _xetiology |
| 650 | 0 | 2 |
_aPsychotic Disorders _xcomplications |
| 700 | 1 | _aJoseph, Anthony B. | |
| 700 | 1 | _aYoung, Robert R. | |
| 001 | data | ||
| 999 |
_c1036 _d1036 |
||